-
KUMAR. AVNESH & KUMAR, PAVAN AND GUPTA, DR. NEERAJ AND ANSARI, SALAUDDIN
Entry Personal Name
Number of records used in: 1
001 - CONTROL NUMBER
003 - CONTROL NUMBER IDENTIFIER
005 - DATE AND TIME OF LATEST TRANSACTION
- control field:
20240920105400.0
008 - FIXED-LENGTH DATA ELEMENTS
- fixed length control field:
240920|| aca||aabn | a|a d
040 ## - CATALOGING SOURCE
- Original cataloging agency:
JRU
- Transcribing agency:
JRU
100 ## - HEADING--PERSONAL NAME
- Personal name:
KUMAR. AVNESH & KUMAR, PAVAN AND GUPTA, DR. NEERAJ AND ANSARI, SALAUDDIN
670 ## - SOURCE DATA FOUND
- Source citation:
Work cat.: (JRU)8697: KUMAR. AVNESH & KUMAR, PAVAN AND GUPTA, DR. NEERAJ AND ANSARI, SALAUDDIN , HUMAN ANATOMY AND PHYSIOLOGY [ D.PHARMA. 1ST YEAR ]